000 00590cam a2200181 a 4500
001 000017449
005 20200929165122.0
008 020921s1992 ck 000 0 spa d
040 _aDO-SdBNP
_bspa
_dBNPHU
082 _a864.6
_bA527d
245 0 0 _aAmérica :
_bde lo real maravilloso /
_cselección Mario Germán Romero.
260 _aSantafé de Bogotá :
_bInstituto Caro y Cuervo,
_c1992.
300 _a239 p. ;
_c20 cm.
490 1 _a"La Granada entreabierta"
_v62
650 4 _aEnsayos españoles
_93095
650 4 _aLiteratura española
_9632
700 1 _aRomero, Mario Germán
_918394
999 _c16974
_d16974